| 000 | 00477nam a2200181Ia 4500 | ||
|---|---|---|---|
| 001 | 3687 | ||
| 005 | 20260306145701.0 | ||
| 008 | 260306t2010||||xx |||||||||||||| ||spa|| | ||
| 041 | _aESP | ||
| 082 |
_a302 _bF81 |
||
| 100 |
_aFranichevich, Alberto _eAUT |
||
| 245 | 0 |
_aConeXión intergeneracYonal: _bsumando los aportes de las generaciones en el trabajo |
|
| 260 | _c2010 | ||
| 300 |
_a269 páginas : _c23 cm. |
||
| 650 | _aGEN | ||
| 654 | _aCPS | ||
| 942 |
_cLIB _dJUS _fJUS _2ddc _n |
||
| 999 |
_c3687 _d3687 |
||